000
00334nam a2200133Ia 4500
008
230411s9999 xx 000 0 und d
041
_a
eng
082
_a
N/613.2/SOH/B06973
100
_a
Sohi Darshan
245
_a
Textbook of Nutrition
260
_b
S Vikas and Co
_a
Jalandhar
_c
2009
300
_a
414p
999
_c
157194
_d
157194